000
00207nam a22000857a 4500
008
161210b xxu||||| |||| 00| 0 eng d
100
_9
1977
_a
Kumar.A.
245
_a
Biology-XII
260
_a
New Delhi
_b
S. Chand
_c
2011
999
_c
4784
_d
4784